000 00780 a2200241 4500
001 216222523
003 UA-OsUOA
005 20220706100952.0
008 220622b un ||||| |||| 00| 0 ukr d
040 _aUA-OsUOA
_bukr
_cUA-OsUOA
_dUA-OsUOA
041 _aukr
080 _a82-31
090 _a82-31
_bР83
100 _aРудницький Яр.
245 _aЗ подорожі 1981
_cЯр. Рудницький
260 _c1981
_bНакладом автора
300 _a64 с.
490 _aUkrainica Exiliana (No 11)
650 _2UDC
_a82-31 Художня література
942 _cBK
_2udc
955 _a3
999 _c572658
_d572658